书目信息 |
| 题名: |
500种野菜野外识别速查图鉴
|
|
| 作者: | 岳桂华 , 王以忠 , 于爱华 编著 | |
| 分册: | ||
| 出版信息: | 北京 化学工业出版社 2015 |
|
| 页数: | 567页 | |
| 开本: | 15cm | |
| 丛书名: | ||
| 单 册: | ||
| 中图分类: | S647-64 | |
| 科图分类: | ||
| 主题词: | 野生植物--Ye Sheng Zhi Wu--蔬菜--识别--图解 | |
| 电子资源: | ||
| ISBN: | 978-7-122-24597-7 | |
| 000 | 01148nam0 2200277 450 | |
| 001 | 1676535609 | |
| 005 | 20151211094015.7 | |
| 010 | @a978-7-122-24597-7@b精装@dCNY38.00 | |
| 100 | @a20151211d2015 em y0chiy0120 ea | |
| 101 | 0 | @achi |
| 102 | @aCN@b110000 | |
| 105 | @aa a 001yy | |
| 106 | @ar | |
| 200 | 1 | @a500种野菜野外识别速查图鉴@A500 Zhong Ye Cai Ye Wai Shi Bie Su Cha Tu Jian@f岳桂华, 王以忠, 于爱华编著 |
| 210 | @a北京@c化学工业出版社@d2015 | |
| 215 | @a567页@c彩图@d15cm | |
| 320 | @a有书目 (第550-551页) 和索引 | |
| 330 | @a该书收录了500种各地常见的植物,按照植物形态及科属分类,每一种植物分别列出了植物识别特征、药用(包括采集、功效、主治和用法、食用(包括采集及食用方法)、毒性等文字内容。每一品种均配有突出植物识别特征的彩色图片。 | |
| 333 | @a该书适合中医药专业、植物学专业、植保专业人士参考阅读,也适合中医药爱好者、植物爱好者及关注健康的人士阅读。 | |
| 606 | 0 | @a野生植物@AYe Sheng Zhi Wu@x蔬菜@x识别@j图解 |
| 690 | @aS647-64@v5 | |
| 701 | 0 | @a岳桂华@AYue Gui Hua@4编著 |
| 701 | 0 | @a王以忠@AWang Yi Zhong@4编著 |
| 701 | 0 | @a于爱华@AYu Ai Hua@4编著 |
| 801 | 0 | @aCN@b江苏新华@c20150511 |
| 905 | @aBZT@dS647-64@e2 | |
| 500种野菜野外识别速查图鉴/岳桂华, 王以忠, 于爱华编著.-北京:化学工业出版社,2015 |
| 567页:彩图;15cm |
| 使用对象:该书适合中医药专业、植物学专业、植保专业人士参考阅读,也适合中医药爱好者、植物爱好者及关注健康的人士阅读。 |
| ISBN 978-7-122-24597-7(精装):CNY38.00 |
| 该书收录了500种各地常见的植物,按照植物形态及科属分类,每一种植物分别列出了植物识别特征、药用(包括采集、功效、主治和用法、食用(包括采集及食用方法)、毒性等文字内容。每一品种均配有突出植物识别特征的彩色图片。 |
| ● |
| 相关链接 |
|
|
|
正题名:500种野菜野外识别速查图鉴
索取号:S647-64/2
 
预约/预借
| 序号 | 登录号 | 条形码 | 馆藏地/架位号 | 状态 | 备注 |
| 1 | 798913 | 2000798913 | 第二书库/ [索取号:S647-64/2] | 在馆 | |
| 2 | 798914 | 2000798914 | 第二书库/ [索取号:S647-64/2] |
已借出,限还日期为2026.06.09 借出人:张天慈 |
|
| 3 | 798915 | 2000798915 | 第二书库/ [索取号:S647-64/2] | 在馆 |